Гигиенические требования к проектированию вновь строящихся и реконструируемых промышленных предприятий (Запись № 1999806)

Подробности
000 -МАРКЕР
контрольное поле 01761nam0a2200313 4500
001 - ИДЕНТИФИКАТОР ЗАПИСИ
контрольное поле RU\NLR\bibl\1830069
005 - ИДЕНТИФИКАТОР ВЕРСИИ
контрольное поле 20250616164121.0
010 ## - МЕЖДУНАРОДНЫЙ СТАНДАРТНЫЙ НОМЕР КНИГИ (ISBN)
Номер (ISBN) 978-5-7508-0958-5
Тираж 500
021 ## - НОМЕР ГОСУДАРСТВЕННОЙ РЕГИСТРАЦИИ
Код страны Российская Федерация
Номер 2011-80213
Номер Листа государственной регистраци 5715
029 10 - НОМЕР ДОКУМЕНТА (нормативные и технические документы. Неопубликованные документы)
Страна Российская Федерация
Номер 2.2.1.2632-10
Тип номера документа СП
035 ## - ДРУГИЕ СИСТЕМНЫЕ НОМЕРА
Идентификатор записи (NLR Aleph) 001820576
100 ## - ДАННЫЕ ОБЩЕЙ ОБРАБОТКИ
Данные общей обработки 20111108d2011 |||y0rusy50 ca
101 0# - ЯЗЫК РЕСУРСА
Язык текста, звукозаписи и т.д. русский
102 ## - СТРАНА ПУБЛИКАЦИИ ИЛИ ПРОИЗВОДСТВА
Страна публикации Российская Федерация
105 ## - ПОЛЕ КОДИРОВАННЫХ ДАННЫХ: ТЕКСТОВЫЕ МАТЕРИАЛЫ, МОНОГРАФИЧЕСКИЕ
Кодированные данные о монографическом текстовом документе y l |||||
200 1# - ЗАГЛАВИЕ И СВЕДЕНИЯ ОБ ОТВЕТСТВЕННОСТИ
Основное заглавие Гигиенические требования к проектированию вновь строящихся и реконструируемых промышленных предприятий
205 ## - СВЕДЕНИЯ ОБ ИЗДАНИИ
Сведения об издании Изменения и дополнения 1 к 2.2.1.1312-03
210 ## - ПУБЛИКАЦИЯ, РАСПРОСТРАНЕНИЕ И ДР.
Место издания, распространения и т.д. Москва
Имя издателя, распространителя и т. д. Федеральный центр гигиены и эпидемиологии Роспотребнадзора
Дата издания, распространения и т.д. 2011
215 ## - ФИЗИЧЕСКАЯ ХАРАКТЕРИСТИКА
Специфическое обозначение материала и объем 4 с.
225 1# - СЕРИЯ
Основное заглавие серии 2.2.1. Гигиена труда. Проектирование, строительство, реконструкция и эксплуатация предприятий
451 #0 - ДРУГОЕ ИЗДАНИЕ [КАТАЛОГИЗИРУЕМОГО ДОКУМЕНТА] НА АНАЛОГИЧНОМ НОСИТЕЛЕ
Встроенное поле 001RU\NLR\bibl\814802
-- 2001#$aГигиенические требования к проектированию вновь строящихся и реконструируемых промышленных предприятий
Системный номер (АБИС) связанной записи 893917
Место публикации Санкт-Петербург
Дата публикации 2005
Имя издателя, распространителя и т.д. ДЕАН
Физическая характеристика 45 с.
Заглавие Гигиенические требования к проектированию вновь строящихся и реконструируемых промышленных предприятий
ISBN 5-93630-449-3
700 #1 - ИМЯ ЛИЦА - ПЕРВИЧНАЯ ОТВЕТСТВЕННОСТЬ
Начальный элемент ввода СП 2.2.1.2632-10
Код отношения Автор
801 #0 - ИСТОЧНИК ЗАПИСИ
Страна Российская Федерация
Организация NLR
Дата составления 20111108
Правила каталогизации RCR
801 #1 - ИСТОЧНИК ЗАПИСИ
Страна Российская Федерация
Организация NLR
Дата составления 20111108
942 ## - ДОПОЛНИТЕЛЬНЫЕ ЭЛЕМЕНТЫ ЗАПИСИ (АБИС)
Тип экземпляра АБИС Книга
980 ## - КОЛЛЕКЦИЯ
Название коллекции Национальная библиография
980 ## - КОЛЛЕКЦИЯ
Название коллекции НБР
Экземпляры
Тип экземпляра Дата поступления Источник поступления Библиотека постоянного хранения Библиотека текущего хранения Место хранения Шифр хранения Штрих-код Статус экземпляра
Книга 08.11.2011 Обязательный экземпляр РНБ (Московский) РНБ (Московский) Фонд нормативно-технических и технических документов, ГОСТы Пт 3525789  
Книга 08.11.2011 Обязательный экземпляр РНБ (Московский) РНБ (Московский) Обменный фонд   3525791